000 00554nam a2200169Ia 4500
005 20250508151552.0
008 008 250505s9999 xx 000 0 eng d
037 _aTextual
040 _aFEDL
_beng
_cFEDL
041 _aeng
_2eng
084 _a372.1, WAS
_qFEDL
245 0 _aHelping teachers understand children by the staff of the division on child development and teacher personnel
260 _aWashington, USA
_bAmerican Council on Education
_c1945
300 _axv,468p
942 _cTEXL
_h372.1, WAS
999 _c1330680
_d1330680